00262nam a2200097Ia 4500008004100000082000800041100002100049245007300070942000600143999001500149240331s9999 xx 000 0 und d bNEW aShowalter, E. ed 4aThe new feminist criticism :bessays on women, literature and theory cL c1760d1760